Modelové prístupy k cenovej diferenciácii produkcie monopolu

Salvato in:
Dettagli Bibliografici
Autore principale: Fendeková, Eleonora, 1952-
Natura: Capitolo di libro
Lingua:slovacco
inglese
Tags: Aggiungi Tag
Nessun Tag, puoi essere il primo ad aggiungerne!!

MARC

LEADER 00000nla a2200000 4500
001 0176913
005 20240603075350.0
041 0 |a slo 
041 0 |a eng 
044 |a SK 
245 1 0 |a Modelové prístupy k cenovej diferenciácii produkcie monopolu  |c Eleonora Fendeková 
500 |a Abstrakt 
100 1 |a Fendeková, Eleonora, 1952-